MARC details
| 000 -CABECERA |
| campo de control de longitud fija |
01704nam a2200349 u 4500 |
| 001 - NÚMERO DE CONTROL |
| campo de control |
000003260 |
| 003 - IDENTIFICADOR DEL NÚMERO DE CONTROL |
| campo de control |
DO-SdBNP |
| 005 - FECHA Y HORA DE LA ÚLTIMA TRANSACCIÓN |
| campo de control |
20220401141637.0 |
| 007 - CAMPO FIJO DE DESCRIPCIÓN FÍSICA--INFORMACIÓN GENERAL |
| campo de control de longitud fija |
ta |
| 008 - DATOS DE LONGITUD FIJA--INFORMACIÓN GENERAL |
| campo de control de longitud fija |
090707s2006 dr ac 000 0 spa d |
| 020 ## - NÚMERO INTERNACIONAL ESTÁNDAR DEL LIBRO |
| Número Internacional Estándar del Libro |
9945433016 |
| 040 ## - FUENTE DE LA CATALOGACIÓN |
| Centro catalogador/agencia de origen |
DO-SdBNP |
| Lengua de catalogación |
spa |
| Centro/agencia transcriptor |
BNPHU |
| 041 17 - CÓDIGO DE LENGUA |
| Código de lengua del texto/banda sonora o título independiente |
spa |
| Fuente del código |
eng |
| 082 #4 - NÚMERO DE LA CLASIFICACIÓN DECIMAL DEWEY |
| Número de clasificación |
327.7293 |
| Número de documento/Ítem |
R426p |
| Número de edición |
22 |
| 110 1# - ENTRADA PRINCIPAL--NOMBRE DE ENTIDAD CORPORATIVA |
| Nombre de entidad corporativa o nombre de jurisdicción como elemento de entrada |
República Dominicana. |
| Unidad subordinada |
Presidencia de la República. Dirección de Información, Prensa y Publicidad de la Presidencia |
| 9 (RLIN) |
10269 |
| 245 10 - MENCIÓN DE TÍTULO |
| Título |
Visita oficial al Reino Unido de Gran Bretaña e Irlanda del Norte del Dr. Leonel Fernández Reyna = |
| Resto del título |
Official visit or Dr. Leonel Fernández Reyna president of the Domninican Republic to the United Kingdom and Northern / |
| 246 1# - FORMA VARIANTE DE TÍTULO |
| Título propio/Titulo breve |
Official visit or Dr. Leonel Fernández Reyna president of the Domninican Republic to the United Kingdom and Northern |
| 246 14 - FORMA VARIANTE DE TÍTULO |
| Título propio/Titulo breve |
La búsqueda del progreso : |
| Resto del título |
Visita presidencial al Reino Unido de Gran Bretaña e Irlanda del Norte |
| 260 ## - PUBLICACIÓN, DISTRIBUCIÓN, ETC. |
| Lugar de publicación, distribución, etc. |
Santo Domingo : |
| Nombre del editor, distribuidor, etc. |
Dirección de Información, Prensa y Publicidad de la Presidencia, |
| Fecha de publicación, distribución, etc. |
2006. |
| 300 ## - DESCRIPCIÓN FÍSICA |
| Extensión |
39 p. : |
| Otras características físicas |
il., retrs. ; |
| Dimensiones |
24 cm. |
| 500 ## - NOTA GENERAL |
| Nota general |
Texto en español e inglés. |
| 500 ## - NOTA GENERAL |
| Nota general |
Texto a dos columnas. |
| 500 ## - NOTA GENERAL |
| Nota general |
Gobierno constitucional 2004 - 2008. |
| 590 ## - NOTA LOCAL (RLIN) |
| Nota local |
Inventariado, 2018/BT |
| 600 10 - PUNTO DE ACCESO ADICIONAL DE MATERIA--NOMBRE DE PERSONA |
| Nombre de persona |
Fernandez, Leonel, |
| Subdivisión general |
Visitas de estado |
| Subdivisión geográfica |
Gran Bretaña |
| 9 (RLIN) |
10270 |
| 600 14 - PUNTO DE ACCESO ADICIONAL DE MATERIA--NOMBRE DE PERSONA |
| Nombre de persona |
FERNANDEZ REYNA, LEONEL ANTONIO |
| Subdivisión general |
VISITAS DE ESTADO |
| Subdivisión geográfica |
IRLANDA DEL NORTE |
| 9 (RLIN) |
10271 |
| 650 #4 - PUNTO DE ACCESO ADICIONAL DE MATERIA--TÉRMINO DE MATERIA |
| Término de materia o nombre geográfico como elemento de entrada |
República dominicana |
| Subdivisión general |
Relaciones exteriores |
| 9 (RLIN) |
10272 |
| 700 ## - PUNTO DE ACCESO ADICIONAL--NOMBRE DE PERSONA |
| Nombre de persona |
Medina, Manolo |
| Término indicativo de función/relación |
Fotografías |
| 9 (RLIN) |
81401 |
| 700 ## - PUNTO DE ACCESO ADICIONAL--NOMBRE DE PERSONA |
| Nombre de persona |
Martínez, Pedro Ängel |
| Término indicativo de función/relación |
Textos |
| 9 (RLIN) |
81402 |
| 910 ## - DATOS DE OPCIÓN DEL USUARIO (OCLC) |
| Datos de opción del usuario |
Validado. Control de calidad. MFF |
| 942 ## - ELEMENTOS DE PUNTO DE ACCESO ADICIONAL (KOHA) |
| Fuente del sistema de clasificación o colocación |
Dewey Decimal Classification |
| Tipo de ítem Koha |
Libro |